01001nam a2200253 i 4500001000700000003000900007005001700016008004100033020001800074080002100092100003000113245010300143260003000246300004000276490004800316500001400364504002000378650005600398700002900454830005600483852006600539999001900605952012300624173345ES-MaACL20230906215222.0091126s1988 fr |||| | fre d a2-09-190121-0 a811.134.2'36-1121 aDarbord, Bernard.914164213aLa langue espagnole b: éléments de grammaire historique / cBernard Darbord, Bernard Pottier. aParis : bNathan, c1988. a223 p. : bgráf., map. ; c21 cm.1 aNathan université. Langues étrangères aÍndice. aBibliografía. 4aLengua española-xGramática histórica.9141641 aPottier, Bernard.9933990 aNathan université. Langues étrangères92235114 aES-MaACLjE-13229 . - zBiblioteca Jacinto Martínez Lacalle c173345d173345 00104070aATENEOMbATENEOMcDEPO2d2009-11-26eDONl0oE-13229p1181922r2023-02-23 00:00:00w2023-02-23yMONOGRAFIA